Barcelona provincia deportiva por excelencia /
Colección:
San Jorge,
; núm. 21 (gener 1956), pàg 31-43
Materias:
Jocs Mediterranis -- (2ns : -- 1955 : -- Barcelona, Catalunya)
; Esports -- Barcelona (Catalunya)
Idioma:
Español
MARC
| LEADER | 00000naa a2200000 a 4500 | ||
|---|---|---|---|
| 003 | Arxiu | ||
| 005 | 20260324181043.0 | ||
| 008 | 160829s1956 spcaxx s spa c | ||
| 040 | |a AGDB | ||
| 100 | 1 | |a Cerro, Antonio del |9 29413 | |
| 245 | 1 | 0 | |a Barcelona provincia deportiva por excelencia / |c por Antonio del Cerro |
| 490 | |a San Jorge, |v núm. 21 (gener 1956), pàg 31-43 | ||
| 500 | |a Fotografies: Francés-Estorch, R. Dimas, Català-Roca | ||
| 611 | 0 | |a Jocs Mediterranis |9 55896 |n (2ns : |d 1955 : |c Barcelona, Catalunya) | |
| 650 | 0 | |a Esports |z Barcelona (Catalunya) |9 44075 | |
| 700 | 1 | |9 55036 |a Francès Estorch, Joan |e fotografies | |
| 700 | 1 | |9 54761 |a Dimas, Ramón |e fotografies | |
| 700 | 1 | |9 26722 |a Català-Roca, Francesc, |d 1922-1998 |e fotografies | |
| 773 | |g Núm. 21 (gener 1956), pàg 31-43 |t San Jorge. | ||
| 901 | |a Arxiu | ||
| 942 | |n 1 |2 udc |c ART | ||
| 952 | |0 0 |1 0 |4 0 |6 REV511 |7 1 |9 65463 |a Arxiu |b Arxiu |d 2023-03-06 |l 0 |o Rev-511 |r 2023-03-06 00:00:00 |w 2023-03-06 |y ARXIU |z També disponible a Rev-525 | ||
| 999 | |c 49969 |d 49969 | ||